00502nam a2200169Ia 4500008004100000020001300041040001900054041001200073082002900085100002600114245006900140260003600209300002300245650002000268651002200288850002200310131103s9999 xx 000 0 und d cRs.75.00 aLoreto College aEnglish a370.954/BANbLCBED/11182 aBanerjee,Jyoti Prasad aEducation in Indiab Past present future cJyoti Prasad Banerjee aCalcuttabCentral Libraryc1989 aV.1b ill.c 22cm. aEducation-India aIndia - Education aLCBED/370.954/BAN